Managing in the Corporate Interest : (Record no. 22112)

MARC details
000 -LEADER
fixed length control field 00920nam a22002897a 4500
003 - CONTROL NUMBER IDENTIFIER
control field IBSLLIB
005 - DATE AND TIME OF LATEST TRANSACTION
control field 20260512085244.0
008 - FIXED-LENGTH DATA ELEMENTS--GENERAL INFORMATION
fixed length control field 260512b |||||||| |||| 00| 0 eng d
020 ## - INTERNATIONAL STANDARD BOOK NUMBER
International Standard Book Number 0520078918
022 ## - INTERNATIONAL STANDARD SERIAL NUMBER
International Standard Serial Number 0520078918
040 ## - CATALOGING SOURCE
Original cataloging agency IBSLLIB
Language of cataloging English
041 ## - LANGUAGE CODE
Language code of original Eng
082 ## - DEWEY DECIMAL CLASSIFICATION NUMBER
Classification number 658.4
Item number SMI
100 ## - MAIN ENTRY--PERSONAL NAME
Personal name Smith , Vicki
245 ## - TITLE STATEMENT
Title Managing in the Corporate Interest :
Remainder of title Control and Resistance in an American Bank
260 ## - PUBLICATION, DISTRIBUTION, ETC. (IMPRINT)
Place of publication, distribution, etc. England :
Name of publisher, distributor, etc. University of California press Berkeley and los Angeles ,
Date of publication, distribution, etc. 1990
300 ## - PHYSICAL DESCRIPTION
Extent 245 p ;
Dimensions 23 cm
505 ## - FORMATTED CONTENTS NOTE
Formatted contents note Social change and the study of management
505 ## - FORMATTED CONTENTS NOTE
Formatted contents note The Business of Banking
505 ## - FORMATTED CONTENTS NOTE
Formatted contents note Manufacturing management Ideology
505 ## - FORMATTED CONTENTS NOTE
Formatted contents note Managing in the corporate interest
505 ## - FORMATTED CONTENTS NOTE
Formatted contents note Where credit id Due
650 ## - SUBJECT ADDED ENTRY--TOPICAL TERM
Topical term or geographic name as entry element Management and auxiliary services
653 ## - INDEX TERM--UNCONTROLLED
Uncontrolled term Bank management
653 ## - INDEX TERM--UNCONTROLLED
Uncontrolled term Middle management
942 ## - ADDED ENTRY ELEMENTS (KOHA)
Koha item type Lending Book
Holdings
Withdrawn status Lost status Damaged status Not for loan Collection code Permanent Location Current Location Shelving location Date acquired Inventory number Full call number Barcode Koha item type
        Lending Collection IBSL Library IBSL Library Lending Section 10/09/2025 10558 658.4 SMI 10558 Lending Book
Copyright © 2024 IBSL Library, All rights reserved.
mail to: library@ibsl.lk | Contact: 0112425735 | Library Address: IBSL Library, 80A, Elvitigala Mawatha, Colombo 008